| 000 | 00964nam a22002537a 4500 | ||
|---|---|---|---|
| 999 |
_c4026 _d4026 |
||
| 003 | AR-CdUCM | ||
| 008 | 190307b ||||| |||| 00| 0 spa d | ||
| 040 |
_aMUNICIPALIDAD PROVINCIAL DEL CUSCO _cBIBLIOTECA MUNICIPAL DEL CUSCO |
||
| 082 |
_a373 / _bV594 |
||
| 100 |
_aVexler, Idel _912840 |
||
| 245 |
_aLa educación secundaria de adolescentes en el Perú : _brealidad y propuesta de desarrollo pedagógico / |
||
| 260 |
_aLima : _bForo educativo, _c1997. |
||
| 300 |
_a198 páginas ; _c20 cm. |
||
| 505 | _aEducación secundaria -- Realidad de la educación -- Bases para el desarrollo de la educación secundaria en adolescentes... | ||
| 650 |
_aEducación. _9460 |
||
| 650 |
_aEducación en adolescentes. _912841 |
||
| 650 |
_aRealidad educacional. _912842 |
||
| 650 |
_aPedagogía. _91560 |
||
| 700 |
_aMorales, Ricardo.. _912843 |
||
| 700 |
_aMiranda, Arturo _912844 |
||
| 700 |
_aTrelles, Hugo _912845 |
||
| 942 |
_2ddc _cLIBROS |
||
| 945 |
_awfj _d2019-03-07 |
||